| 000 | 00749cab a2200229 4500 | ||
|---|---|---|---|
| 001 | ABS37863 | ||
| 008 | 090401t1987 xxu||||| |||| 00| 0 eng d | ||
| 035 | _a(Sirsi) u7227 | ||
| 041 | _aeng | ||
| 100 | _aConstable, M. | ||
| 245 | _aTackling the problem of the countryside | ||
| 260 | _c1987 | ||
| 350 | _a0 | ||
| 490 |
_aMunicipal Journal _v95(24) 12 June 1987, 1112-1114(2) |
||
| 520 | _aClaims that many rural communities are declining because local people are unable to find affordable homes, due to the booming second homes market, and looks at what can be done to remedy this. | ||
| 650 | _aHOUSING | ||
| 650 | _aRURAL AREAS | ||
| 650 | _aTIED COTTAGES | ||
| 690 | _aPROPERTY LAW AND PRACTICE | ||
| 942 | _n0 | ||
| 948 | _c04/03/1997 | ||
| 999 |
_c4337 _d4337 |
||